| 000 | 01354nam a22004097a 4500 | ||
|---|---|---|---|
| 001 | BR7200639 | ||
| 003 | BR-BrBNA | ||
| 005 | 20230928083805.0 | ||
| 007 | ta | ||
| 008 | 230509b bl.||||| |||| 00| 0 por d | ||
| 040 |
_aBR-BrBNA _bpor _cBiblioteca Nacional de Agricultura |
||
| 041 | _a(Por) | ||
| 072 |
_aE30; E70; E15 _b4500 _b3801 _b3575 _b8954 _b5213 _b5214 _b5300 _b6000 _b/G514 |
||
| 090 | _ 4500 BR7200639 | ||
| 110 | 1 |
_aSecretaria de Planejamento da Presidencia da Republica, Brasilia, DF (Brasil). Inst. de Planejamento Economico e Social _99010 |
|
| 245 | 1 | _a1. Plano Nacional de Desenvolvimento - Agricultura e Abastecimento - Relatorio de acompanhamento (Periodo 1972-74)[Brasil] | |
| 260 | 3 |
_aBrasilia, DF (Brasil): _c[nd]. |
|
| 300 | _a80 p. | ||
| 500 | _a36 tables; Published 1972? | ||
| 650 | _aMAQUINA AGRICOLA | ||
| 650 | _aFERTILIZANTE | ||
| 650 | _aSEMENTE | ||
| 650 | _aRACAO BALANCEADA | ||
| 650 | _aPECUARIA DE CORTE | ||
| 650 | _aPECUARIA LEITEIRA | ||
| 650 | _aAVICULTURA | ||
| 650 | _aSUINOCULTURA | ||
| 650 | _aDESENVOLVIMENTO AGRICOLA | ||
| 650 | _aPOLITICA AGRICOLA | ||
| 650 | _aABASTECIMENTO | ||
| 650 | _aPRECO MINIMO | ||
| 650 | _aESTATISTICA DE PRODUCAO | ||
| 650 | _aDESENVOLVIMENTO PESQUEIRO | ||
| 650 | _aDESENVOLVIMENTO FLORESTAL | ||
| 909 |
_a202309 _bLucia _c55 _dLucia Elande |
||
| 942 | _cBK | ||
| 999 |
_c15254 _d15254 |
||